Normal view MARC view

Entry Personal Name

Number of records used in: 1

001 - CONTROL NUMBER

  • control field: 1186293

003 - CONTROL NUMBER IDENTIFIER

  • control field: OSt

005 - DATE AND TIME OF LATEST TRANSACTION

  • control field: 20260324131639.0

008 - FIXED-LENGTH DATA ELEMENTS

  • fixed length control field: 260324|| aca||aabn | a|a d

040 ## - CATALOGING SOURCE

  • Original cataloging agency: OSt
  • Transcribing agency: OSt

100 ## - HEADING--PERSONAL NAME

  • Personal name: Elza-Bair Mataskovna Gouchinova; David Lewis

670 ## - SOURCE DATA FOUND

  • Source citation: Work cat.: (OSt)1783662: Elza-Bair Mataskovna Gouchinova; David Lewis, The Kalmyks
Copyright @ Delhi University Library System